| 000 | 00771cam a22002777a 4500 | ||
|---|---|---|---|
| 003 | CHAP | ||
| 005 | 20220817042725.0 | ||
| 008 | 971013s1951 r 00010 d | ||
| 010 | _a53537 | ||
| 011 | _a54509 | ||
| 035 | _a58660 | ||
| 040 | _cCHAP | ||
| 082 |
_a551.1 _bR8 |
||
| 100 | 0 | 0 |
_aRudaux, Lucien. _9100523 |
| 245 | 1 | 3 | _aLa terre et son histoire |
| 260 |
_aParis : _bPresses Universitaries de France, _c1951 |
||
| 300 |
_a127 p. _b; ilus. |
||
| 490 | 0 |
_aQue sais-Je? _v; 16 |
|
| 590 |
_aBATCH-UPD _b10 _c20130110 _lUCH01 _h1444 |
||
| 590 |
_aCONVERSION _b10 _c20130109 _lUCH01 _h1329 |
||
| 650 | 1 | 4 |
_aTierra. _9113060 |
| 830 | 0 |
_aQue sais Je? _v; 16 |
|
| 901 | _aBK | ||
| 942 | _cLIBRO | ||
| 949 |
_a551.1 R8 _bBC _cLIBRO _d33724000444212 _eLIBRO _h38236 _i58660 _si |
||
| 999 |
_c53537 _d53537 |
||